| 000 | 00467nam a2200169 a 4500 | ||
|---|---|---|---|
| 001 | 65 | ||
| 003 | CDMR | ||
| 005 | 20130227095447.0 | ||
| 008 | 130130s2000||||||||||||||||||||||||||||d | ||
| 040 |
_aCDMR _bcat _cCDMR |
||
| 111 | 2 |
_aMostra Fotoperiodisme _cLleida _d2000 _n3ª _953 |
|
| 245 | 1 | 0 | _a3a Mostra fotoperiodisme de Lleida |
| 260 |
_aLleida _c2000 _bCol.legi de Periodistes de Catalunya |
||
| 300 |
_a80 p ; _c21 cm |
||
| 500 | _aCatàleg d'exposició | ||
| 942 |
_cMON _2ddc |
||
| 999 |
_c65 _d65 |
||